000 01044nam a22003371 4500
001 01107648
003 DO-SdBNP
005 20240614121904.0
007 01107648
008 920725s2007 cl spa
017 _a
_b
020 _a9780847704514
035 _a
040 _aBPMSU
_bspa
_cBPMSU
082 4 _aPR863.5
_bR696m 2007
_222
100 1 _aRodríguez Salazar, Saremmy
_d
245 1 4 _aMelvin el marciano viajero /
_c Saremmy Rodríguez salazar ; ilustraciones Dennis Villanueva
_b
_h
260 _aColombia :
_bUniversidad de Puerto Rico,
_c2007
300 _a21 p. :
_bil,. ;
_c27 cm
490 0 _aSerie Dos leguas
500 _a
590 _aInventariado, 2025/VM
650 4 _aCuentos infantiles puertorriqueños
_v
_2
650 4 _aLibros ilustrados infantiles
700 1 _aVillanueva, Dennis
_eilustración
_d 1973-
700 1 _aÁlvarez Astacio, Mrinali
_eilustración
_d
710 2 _aUniversidad de Puerto Rico
900 _6
910 _aVMateo V. Control de calidad. BPMSU
942 _2ddc
_cBK
999 _c14672
_d14672